Todos os Artilheiros de Copa do Mundo - Statistics

Estatísticas Gerais
  • Esse quiz foi jogado 224 vezes
  • A pontuação média é 15 de 30
Estatísticas das Respostas
Edição # Seleção Resposta % Correto
2002 8 Brasil Ronaldo
99%
2018 6 Inglaterra Harry Kane
96%
2014 6 Colômbia James Rodríguez
93%
2010 5 Alemanha Thomas Müller
93%
1970 10 Alemanha Ocidental Gerd Müller
92%
2006 5 Alemanha Miroslav Klose
92%
2010 5 Uruguai Diego Forlán
85%
2010 5 Espanha David Villa
84%
1962 4 Brasil Garrincha
84%
1966 9 Portugal Eusébio
75%
2010 5 Holanda Wesley Sneijder
63%
1982 6 Itália Paolo Rossi
60%
1998 6 Croácia Davor Šuker
52%
1994 6 Bulgária Hristo Stoichkov
50%
1962 4 Brasil Vavá
47%
1938 7 Brasil Leônidas da Silva
46%
1986 6 Inglaterra Gary Lineker
39%
1958 13 França Justine Fontaine
39%
1978 6 Argentina Mario Kempes
35%
1950 9 Brasil Ademir de Menezes
28%
1974 7 Polônia Grzegorz Lato
21%
1994 6 Rússia Oleg Salenko
18%
1954 11 Hungria Sándor Kocsis
16%
1990 6 Itália Salvatore Schillaci
11%
1930 8 Argentina Guillermo Stábile
9%
1962 4 Chile Leonel Sánchez
8%
1962 4 União Soviética Valentin Ivanov
7%
1962 4 Hungria Flórián Albert
6%
1934 5 Tchecoslováquia Oldřich Nejedlý
6%
1962 4 Iugoslávia Dražan Jerković
4%
Nenhum quiz correspondente encontrado
Distribuição das Pontuações
Porcentagem de Pessoas com Cada Pontuação
Percentil de Números Respondidos
Sua Pontuação Histórica
Você não jogou esse quiz